Statistiques concernant Pays du monde commençant par C et D.

Cliquez ici pour prendre le quiz!

Statistiques générales

  • Ce quiz a été pris 275 fois
  • Le résultat moyen est 12 sur 18

Statistiques - réponses

Réponse% Correct
Danemark
95%
Canada
83%
Chine
81%
Croatie
76%
Cameroun
71%
Djibouti
71%
Colombie
70%
Chili
69%
Corée du Nord
65%
Corée du Sud
65%
Chypre
62%
Costa Rica
62%
Cambodge
61%
Cuba
59%
Comores
57%
Côte d'Ivoire
46%
Cap-Vert
45%
Dominique
45%

Distribution des résultats

Percentile par nombre de réponses

% des personnes avec chaque résultat

Votre développement - résultats

Vous n’avez pas pris ce quiz